Pixar Fill in the Blank - Statistics

General Stats
  • This quiz has been taken 43 times
  • The average score is 10 of 25
Answer Stats
Picture Hint Answer % Correct
"To infinity, ___ ______!" and beyond
97%
"Just _____ ________." keep swimming
86%
"________!" Squirrel
55%
"I'm watching you, Wazowski. ______ ________." always watching
52%
"You ___ _ ___!" are a toy
52%
"Anyone ___ ____." can cook
52%
"Fish are friends, ___ ____." not food
52%
"Silenzio, ____!" Bruno
48%
"But it's a _______ dog!" talking
48%
"________ is out there!" Adventure
45%
"Do I look ___________ to you? Why can't they call me the Adorable Snowman, or the Agreeable Snowman, for crying out loud? I'm a nice guy!" abominable
38%
"___ ____ is down." The foot
38%
"_ _____ ___ for Riley!" I would die
34%
"But look at my ______ ____! I can't press the 'fire' button and 'jump' at the same time!" little arms
34%
"Put that thing back where it came from, __ __ ____ __!" or so help me
34%
"Congratulations, San Francisco. ___ _____ _____." You ruined pizza
34%
"That wasn't flying, that was _______ ____ _____." falling with style
31%
"I'm _____." trash
28%
"Someday, I will be a _________ _________." beautiful butterfly
24%
"Of course I'm _________! Do you know how hard it is to stay positive all the time?" delusional
24%
"_________! Ooh, ha ha!" Sharkbait
21%
"Yes, I ______ !" Canada
17%
"You let one ant stand up to us, ____ ____ ___ ____ _____ __." then they all might stand up
14%
"Well, _ ____ _____ ___ _____. Yeah, you're welcome." I just saved our lives
10%
"_______ _________ or super power, you decide." Medical condition
10%
No matching quizzes found
Score Distribution
Percent of People with Each Score
Percentile by Number Answered
Your Score History
You have not taken this quiz